| 000 | 01962ngm a2200433 4500 | ||
|---|---|---|---|
| 003 | dpl | ||
| 005 | 20080723110517.0 | ||
| 007 | DVD | ||
| 008 | ||||||sp199 xxu|||||c|||| 00| 0 eng d | ||
| 010 | _aDVD-000904-906 | ||
| 024 |
_a23789 _c499.00 for set of 2 DVD |
||
| 035 | _aDVD-000904-906 | ||
| 040 |
_aDPL _cDPL |
||
| 082 | _aDVD / DARE | ||
| 245 |
_aDaredevil _c20th Century Fox Presents _h[videorecording] DVD/ |
||
| 246 | _a. | ||
| 250 | _a2 Disc Special Edition | ||
| 260 | _b20th Century Fox Home Entertainment | ||
| 300 |
_a2 videodisc DVD; (174 min.) : _bsd., col. ; _c4 3/4 in. _fDVD |
||
| 440 | _a20th Centyry Fox Home Entertainment | ||
| 500 | _aSole Distributor in India M/s. Excel Productions Autio Visuals Pvt. Ltd. | ||
| 500 | _aAs Great As It Is Cool | ||
| 500 | _aThis DVD is Copy Protected | ||
| 538 | _aDolby Digital 5.1-English Subtitles: English,Cantonese, Thai, Tagalog, mandarin | ||
| 538 | _aAspect Ratio: 2.35:1, Presentation type: Full Frame, Presentation Size 4x3, Format DVD 9 Dual Layer Single Sided Disc. | ||
| 650 | _aMothin Picture | ||
| 700 | _aAffleck, Ben | ||
| 700 | _aGarner, Jennifer | ||
| 700 | _aClarke Duncan, Michael | ||
| 700 | _aFarewell, Colin | ||
| 700 | _aFacreau, Joe | ||
| 700 | _aKeith, David | ||
| 700 | _aRevell, Greame | ||
| 942 |
_cCF _2ddc _hDVD _mDARE |
||
| 999 |
_c16642 _d16642 |
||